Les animaux sauvages de fiction 2 - Statistiques

Statistiques générales
  • Ce quiz a été pris 84 fois
  • Le résultat moyen est 11 sur 20
Statistiques - réponses
Hint Extra Hint Réponse % Correct
Dora l'exploratrice Renard Chipeur
87%
Le roi lion Mandrill Rafiki
84%
Pinocchio Criquet Jiminy
81%
L'âge de glace Ecureuils Scrat et Scratina
81%
Bonne nuit les petits Ours Nounours et Oscar
79%
Robin des Bois Ours Petit Jean
75%
Cendrillon (Disney) Souris Gus et Jack
70%
Spirou et Fantasio Ecureuil Spip
57%
Drôle de singe Gorille King Kong
54%
Le monde de Némo Pélican L'Amiral
54%
Sylvain et Sylvette Renard Compère Renard
52%
Roman de Renart Renard Goupil
52%
Le livre de la jungle Loup Akela
51%
Pirate des Caraïbes Singe Jack
43%
Téléchat Autruche Lola
43%
Basil, détective privé Rat Ratigan
43%
1001 pattes Fourmi Tilt
38%
Le livre de la jungle Eléphant Hathi
37%
Dumbo Corbeau Jim
25%
Danse avec les loups Loup Chaussette
21%
Aucun quiz correspondant
Distribution des résultats
% des personnes avec chaque résultat
Percentile par nombre de réponses
Votre historique - résultats
Vous n’avez pas pris ce quiz